युद्ध में अयोध्या (Record no. 31740)

MARC details
000 -LEADER
fixed length control field 00350nam a22001337a 4500
003 - CONTROL NUMBER IDENTIFIER
control field SGT
020 ## - INTERNATIONAL STANDARD BOOK NUMBER
International Standard Book Number 9789352667536
082 ## - DEWEY DECIMAL CLASSIFICATION NUMBER
Classification number 200
Item number Y18S
100 ## - MAIN ENTRY--PERSONAL NAME
Personal name शर्मा, हेमंत
245 ## - TITLE STATEMENT
Title युद्ध में अयोध्या
260 ## - PUBLICATION, DISTRIBUTION, ETC. (IMPRINT)
Name of publisher, distributor, etc प्रभात प्रकाशन
Year of Publication 2018
300 ## - PAGE DESCRIPTION
No. of Pages 479
942 ## - ADDED ENTRY ELEMENTS (KOHA)
Source of classification or shelving scheme Dewey Decimal Classification
Koha item type Books
Holdings
Withdrawn status Lost status Source of classification or shelving scheme Damaged status Not for loan Home library Current library Shelving location Date acquired SGTU Total Checkouts Full call number Accession No. (Barcode) Date last seen Bill Date Koha item type
    Dewey Decimal Classification   Not For Loan SGT Chancellor's Library SGT Chancellor's Library Reference Book 02/07/2025 SGTU   200 Y18S CH3728 02/07/2025 02/07/2025 Books
    Dewey Decimal Classification   Not For Loan SGT Chancellor's Library SGT Chancellor's Library Reference Book 02/07/2025 SGTU   200 Y18S CH3729 02/07/2025 02/07/2025 Books